000 00741pam a2200241 a 4500
001 692505
005 20180208031650.0
008 960927s1997 caua b 001 0 eng
010 _a 96045058
020 _a031420220X (alk. paper)
040 _aDLC
_cDLC
_dDLC
041 _aeng
043 _an-us---
080 _a370.973
082 0 0 _a370.973 HLE
_221
100 1 _a46
101 _aEDU
245 1 0 _aAmerican education, purpose and promise /
_cby Peter Hlebowitsh and Kip Téllez.
504 _aIncludes bibliographical references and index.
906 _a7
_bcbc
_corignew
_d1
_eocip
_f19
_gy-gencatlg
942 _2ddc
_cBK
999 _c42053
_d42053